[Event "Titled Tue 24th Jun Late"]
[Site "chess.com INT"]
[Date "2025.06.24"]
[Round "5"]
[White "Klys, Kacper"]
[Black "Fernandes, Rogerio Paulo Muller"]
[Result "1/2-1/2"]
[WhiteTitle "CM"]
[WhiteElo "2218"]
[BlackElo "2241"]
[WhiteFideId "21005281"]
[BlackFideId "2101599"]
[EventDate "2025.06.24"]

1. c4 Nf6 2. Nc3 c5 3. Nf3 Nc6 4. d4 cxd4 5. Nxd4 d6 6. g3 g6 7. Bg2 Bd7 8. O-O
Bg7 9. Nc2 O-O 10. b3 Rc8 11. Bb2 a6 12. Rc1 Qa5 13. a3 Qh5 14. Ne3 Ng4 15. Nxg4
Bxg4 16. Qd2 Bh3 17. Bf3 Bg4 18. Bg2 Bh3 19. Nd5 Bxg2 20. Kxg2 Rfe8 21. Bxg7
Kxg7 22. b4 Qe5 23. e3 e6 24. Nf4 Red8 25. Rfd1 Ne7 26. Nd3 Qe4+ 27. f3 Qc6 28.
Qb2+ f6 29. Nf4 Qd7 30. Rd2 e5 31. Nd5 Nxd5 32. Rxd5 Qe6 33. Qd2 Rc6 34. e4 Rdc8
35. c5 dxc5 36. Rd7+ Kg8 37. Rxb7 cxb4 38. Rxc6 Qxc6 39. Rxb4 Qc2 40. Qxc2 Rxc2+
41. Kh3 Rc3 42. Ra4 Rxf3 43. Rxa6 Kg7 44. Ra7+ Kh6 45. a4 Re3 46. a5 Rxe4 47.
Kg2 Ra4 48. Ra6 f5 49. Ra8 e4 50. h3 Ra2+ 51. Kf1 Kg5 52. a6 h5 53. a7 h4 54.
Rh8 Rxa7 55. Rxh4 Ra2 56. Rh7 Kf6 57. Rh8 Kg5 58. Rh7 Ra6 59. Rh8 Ra3 60. Kf2
Ra2+ 61. Kf1 f4 62. gxf4+ Kxf4 63. Rf8+ Kg3 64. Re8 Kf3 65. Rf8+ Kg3 66. Rf6 g5
67. Rf5 Kxh3 68. Rxg5 Rb2 69. Rg8 Kh4 70. Ke1 e3 71. Re8 Rb3 72. Ke2 Kg4 73. Rf8
Kg3 74. Rf3+ Kg4 75. Rf8 Kg3 76. Rg8+ Kf4 77. Rf8+ Ke4 78. Re8+ Kf4 79. Rf8+ Ke4
80. Re8+ Kf4 81. Rf8+ 1/2-1/2

[Event "Titled Tue 24th Jun Late"]
[Site "chess.com INT"]
[Date "2025.06.24"]
[Round "5"]
[White "Mikhalevski, Victor"]
[Black "Gasparyan, Erik R."]
[Result "0-1"]
[WhiteTitle "GM"]
[BlackTitle "IM"]
[WhiteElo "2492"]
[BlackElo "2372"]
[WhiteFideId "2801914"]
[BlackFideId "13315730"]
[EventDate "2025.06.24"]

1. Nf3 Nf6 2. g3 b6 3. Bg2 Bb7 4. O-O e6 5. c4 Be7 6. d4 O-O 7. d5 exd5 8. Nh4
c6 9. cxd5 Nxd5 10. Nf5 Nc7 11. e4 d5 12. Nc3 Bf6 13. Re1 d4 14. e5 dxc3 15.
exf6 Qxf6 16. Qc2 Nba6 17. bxc3 Rae8 18. Ba3 Nc5 19. Bxc5 bxc5 20. Rab1 Bc8 21.
Ne3 Nb5 22. Rbc1 Rd8 23. a4 Nc7 24. a5 Nb5 25. h4 Rfe8 26. Qb3 Be6 27. c4 Nd4
28. Qa3 Qe7 29. Rb1 Rb8 30. Rxb8 Rxb8 31. Nd5 Qd6 32. Ne3 Rb4 33. Qc3 h6 34. Bh1
Rb3 35. Qc1 Qe5 36. Bg2 Qf6 37. Qd1 Rb2 38. Rf1 g6 39. Qd3 h5 40. Qd1 Bf5 41.
Kh1 Be6 42. Kg1 Qe5 43. Qd3 Nf5 44. Nxf5 Bxf5 45. Qe3 Qxe3 46. fxe3 Rc2 47. Rf4
Be6 48. Bf1 f5 49. e4 Kg7 50. exf5 Bxf5 51. Bg2 Rc3 52. Kf2 Be6 53. Bxc6 Rxc4
54. Rxc4 Bxc4 55. Ke3 Kf6 56. Kf4 Bd3 57. Bb7 Bf5 58. Bd5 Be6 59. Be4 c4 60. Bc2
Bf5 61. Ba4 c3 62. Ke3 Ke5 63. Bb3 c2 64. Kd2 Be4 65. Bc4 Kf5 66. Be2 Ke5 67.
Kc1 Kd4 68. Kd2 Bf5 69. Bf1 Kc5 70. Be2 Kb4 71. a6 Kb3 72. Kc1 Kc3 73. Bf1 Bd3
74. Bg2 Bxa6 75. Be4 Bd3 76. Bc6 a5 77. Be8 Bf5 78. g4 hxg4 79. h5 gxh5 80. Bxh5
g3 81. Bf3 a4 82. Be4 a3 0-1

[Event "Titled Tue 24th Jun Late"]
[Site "chess.com INT"]
[Date "2025.06.24"]
[Round "5"]
[White "Demchenko, Anton"]
[Black "Rosen, Eric"]
[Result "1/2-1/2"]
[WhiteTitle "GM"]
[BlackTitle "IM"]
[WhiteElo "2619"]
[BlackElo "2377"]
[WhiteFideId "4160258"]
[BlackFideId "2032562"]
[EventDate "2025.06.24"]

1. e4 e6 2. d4 d5 3. e5 Bd7 4. Nf3 a6 5. Bd3 Bb5 6. O-O Ne7 7. Re1 Bxd3 8. Qxd3
Nf5 9. Nbd2 Be7 10. c3 h5 11. Nf1 g5 12. Ne3 Nxe3 13. Bxe3 g4 14. Nd2 Nc6 15. f4
gxf3 16. Nxf3 Qd7 17. Rf1 O-O-O 18. Ng5 Bxg5 19. Bxg5 Rdg8 20. h4 Qe8 21. Rf2
Ne7 22. Raf1 Nf5 23. Rxf5 exf5 24. Qxf5+ Kb8 25. Qxf7 Qxf7 26. Rxf7 Kc8 27. e6
Rf8 28. Bh6 Re8 29. Bf4 Rxe6 30. Rxc7+ Kd8 31. Rxb7 Rf8 32. Be5 Rf5 33. a4 Rg6
34. b4 Rf3 35. Rc7 Re3 36. Rc5 Re2 37. g3 Rg4 38. Rxd5+ Ke8 39. Bf4 Rc2 40. Rc5
Rg6 41. Kf1 Kf7 42. Ke1 Re6+ 43. Be5 Ra2 44. a5 Kg8 45. Rc8+ Kf7 46. Rc7+ Kg6
47. Kd1 Kf5 48. Rf7+ Ke4 49. Kc1 Kd3 50. Rf3+ Kc4 51. Kd1 Rh2 52. Re3 Ra2 53.
Ke1 Re8 54. Kf1 Rf8+ 55. Bf4 Rc2 56. Re6 Kd3 57. Rxa6 Re8 58. Be5 Rf8+ 59. Rf6
Re8 60. Rf3+ Kc4 61. Rf2 Rxc3 62. a6 Ra3 63. Rc2+ Kb5 64. Rc5+ Kxb4 65. Rc6 Ra2
66. Rf6 Rc8 67. Rf2 Rc1+ 68. Kg2 Rxa6 69. Kf3 Ra3+ 70. Kf4 Kc4 71. Kg5 Rg1 72.
Kxh5 Kd5 73. g4 Ra8 74. g5 Rg8 75. Rf6 Rh1 76. Rh6 Rf8 77. g6 Rg8 78. g7 Rg1 79.
Rh8 R8xg7 80. Bxg7 Rxg7 81. Rd8+ Ke6 82. Kh6 Rg4 83. h5 Ke7 84. Rd5 Ke6 85. Rg5
Rxd4 86. Kg6 Rd8 87. h6 Rg8+ 88. Kh5 Rxg5+ 89. Kxg5 Kf7 90. Kf5 Kg8 91. Kg6 Kh8
92. h7 1/2-1/2

[Event "Titled Tue 24th Jun Late"]
[Site "chess.com INT"]
[Date "2025.06.24"]
[Round "5"]
[White "Kozak, Adam"]
[Black "Kolimar, Kristof Pal"]
[Result "1/2-1/2"]
[WhiteTitle "GM"]
[BlackTitle "FM"]
[WhiteElo "2587"]
[BlackElo "2368"]
[WhiteFideId "753246"]
[BlackFideId "798410"]
[EventDate "2025.06.24"]

1. d4 Nf6 2. c4 g6 3. Nc3 Bg7 4. e4 d6 5. Nf3 O-O 6. Be2 e5 7. O-O exd4 8. Nxd4
Re8 9. f3 c6 10. Kh1 d5 11. cxd5 cxd5 12. Bb5 Nc6 13. Bg5 h6 14. Bh4 Bd7 15.
Nxd5 g5 16. Bxc6 bxc6 17. Nxf6+ Qxf6 18. Bf2 c5 19. Ne2 Bb5 20. Re1 Rad8 21. Qc1
Qxb2 22. Rb1 Qxc1 23. Nxc1 a6 24. Bxc5 Rd2 25. Be3 Rc2 26. Nb3 Rxa2 27. Nd4 Bxd4
28. Bxd4 Rc8 29. Bf6 Rcc2 30. Rg1 Kh7 31. h4 Kg6 32. hxg5 hxg5 33. Be5 Rc8 34.
Kh2 f6 35. Bd4 Rc4 36. Ba1 Rcc2 37. Kg3 Re2 38. Rbd1 Rad2 39. Rc1 Rc2 40. Rxc2
Rxc2 41. Rd1 Rc6 42. Rd5 Bc4 43. Rd8 a5 44. Ra8 Ra6 45. Rc8 Bd3 46. Bb2 a4 47.
Ba3 Bb5 48. Rb8 Bc4 49. Rb4 Bb3 50. Rd4 Rc6 51. Rd8 Re6 52. Rb8 Rc6 53. Rb7 Re6
54. Bf8 f5 55. exf5+ Kxf5 56. Rb5+ Kg6 57. Kf2 Rf6 58. Be7 Rf5 59. Rb6+ Kf7 60.
Bd8 Rd5 61. Bc7 Rc5 62. Bd6 Rd5 63. g4 Bd1 64. Bb4 Rd3 65. Rb7+ Kg6 66. Rb6+ Kf7
67. Rb7+ Kg6 68. Rb8 Rxf3+ 69. Ke1 Bb3 70. Rb6+ Kf7 71. Rb7+ Kg6 72. Rb6+ Rf6
73. Rxf6+ Kxf6 74. Kf2 Kg6 75. Kg3 Kf6 76. Ba3 Kg6 77. Bc1 Kf6 78. Kf3 Kg6 79.
Kg3 Kf6 80. Kf2 Bd5 81. Kg3 Be6 82. Kf3 Kg6 83. Kg3 Kf6 84. Ba3 Kg6 85. Be7 Kh6
86. Kh3 Kg6 87. Kg3 Kh6 88. Bb4 Kg6 89. Ba3 Kh6 90. Bc1 Kg6 91. Kh3 Kh6 92. Kg3
Kg6 93. Kf2 Kh6 94. Ke1 Bxg4 95. Be3 a3 96. Kd2 a2 97. Bd4 Be6 98. Kc1 Kh5 99.
Kb2 g4 100. Bc5 g3 101. Bb6 Kg4 102. Ka1 Kf3 103. Bc7 g2 104. Bb6 Ke2 105. Ba7
Kf1 106. Bb6 g1=Q 107. Bxg1 Kxg1 108. Kb2 Kf2 109. Ka1 Ke3 110. Kb2 Kd3 111. Ka1
Kc2 1/2-1/2

[Event "Titled Tue 24th Jun Late"]
[Site "chess.com INT"]
[Date "2025.06.24"]
[Round "6"]
[White "Shafer, Logan C"]
[Black "Gelman, Alexander"]
[Result "0-1"]
[WhiteTitle "CM"]
[BlackTitle "IM"]
[WhiteElo "2217"]
[BlackElo "2403"]
[WhiteFideId "30993342"]
[BlackFideId "4118316"]
[EventDate "2025.06.24"]

1. e4 e5 2. Nf3 d6 3. d4 exd4 4. Nxd4 Nf6 5. Nc3 Be7 6. Bf4 O-O 7. Qd2 Nc6 8.
O-O-O Nxd4 9. Qxd4 Be6 10. Kb1 a6 11. f3 b5 12. Nd5 Nxd5 13. exd5 Bf6 14. Qe4
Bd7 15. Bd3 g6 16. Qe2 Re8 17. Qd2 a5 18. h4 a4 19. h5 a3 20. b3 Qe7 21. hxg6
fxg6 22. Rh6 Bg7 23. Rh2 Qf6 24. Qc1 Qa1# 0-1

[Event "Titled Tue 24th Jun Late"]
[Site "chess.com INT"]
[Date "2025.06.24"]
[Round "6"]
[White "Hovakimyan, Vache"]
[Black "Sagalchik, Gennadij"]
[Result "0-1"]
[WhiteTitle "FM"]
[BlackTitle "GM"]
[WhiteElo "2287"]
[BlackElo "2434"]
[WhiteFideId "13317288"]
[BlackFideId "2007916"]
[EventDate "2025.06.24"]

1. Nf3 Nc6 2. g3 d5 3. d4 Bg4 4. Nbd2 e6 5. Bg2 Qd7 6. O-O f6 7. h3 Bh5 8. c3
Nge7 9. e4 O-O-O 10. exd5 exd5 11. Re1 g5 12. b4 g4 13. Nh4 f5 14. Nf1 Rg8 15.
Bf4 Bg7 16. Ne3 Bf6 17. Kh2 Bxh4 18. gxh4 g3+ 0-1

[Event "Titled Tue 24th Jun Late"]
[Site "chess.com INT"]
[Date "2025.06.24"]
[Round "6"]
[White "Suarez, Pedro"]
[Black "Pontes, Luiz Felizola Lima"]
[Result "1-0"]
[WhiteTitle "CM"]
[WhiteElo "2066"]
[BlackElo "2062"]
[WhiteFideId "3007642"]
[BlackFideId "44709919"]
[EventDate "2025.06.24"]

1. d4 d5 2. c4 c6 3. Nf3 Nf6 4. e3 e6 5. Nbd2 Nbd7 6. Bd3 Bd6 7. O-O O-O 8. e4
dxe4 9. Nxe4 Nxe4 10. Bxe4 Nf6 11. Bc2 c5 12. Bg5 cxd4 13. Qd3 g6 14. Nxd4 Be7
15. Rad1 Qc7 16. Nb5 Qb8 17. Qf3 b6 18. Bxf6 Bb7 19. Qc3 Bxf6 20. Qxf6 a6 21.
Nc3 Rd8 22. Rxd8+ Qxd8 23. Qxd8+ Rxd8 24. Rd1 Rc8 25. Bd3 Kf8 26. f3 Ke7 27. Kf2
Rd8 28. Ke3 Bc6 29. Be4 Bxe4 30. Rxd8 Bc6 31. Rb8 b5 32. cxb5 axb5 33. Nxb5 1-0

[Event "Titled Tue 24th Jun Late"]
[Site "chess.com INT"]
[Date "2025.06.24"]
[Round "6"]
[White "Wanyama, Harold"]
[Black "Meruga, Shanmukha"]
[Result "0-1"]
[WhiteTitle "FM"]
[WhiteElo "2143"]
[BlackElo "1985"]
[WhiteFideId "10000380"]
[BlackFideId "30908183"]
[EventDate "2025.06.24"]

1. d4 Nf6 2. c4 e6 3. g3 d5 4. Bg2 Be7 5. Nf3 O-O 6. O-O dxc4 7. Qc2 a6 8. a4
Nc6 9. Qxc4 Nb4 10. e3 b5 11. Qe2 bxa4 12. Nc3 Bd7 13. Rd1 a3 14. bxa3 Nbd5 15.
Bd2 c5 16. dxc5 Bxc5 17. Ne5 Rb8 18. Nxd7 Qxd7 19. Qxa6 Rb2 20. Be1 Qc7 21. Nxd5
Nxd5 22. Qc4 Nxe3 23. Rdc1 Nxc4 0-1

[Event "Titled Tue 24th Jun Late"]
[Site "chess.com INT"]
[Date "2025.06.24"]
[Round "6"]
[White "Zeliantsova, Kseniya"]
[Black "Tang, Dylan"]
[Result "1-0"]
[WhiteTitle "WFM"]
[BlackTitle "FM"]
[WhiteElo "2062"]
[BlackElo "2236"]
[WhiteFideId "13512617"]
[BlackFideId "30972531"]
[EventDate "2025.06.24"]

1. e4 d6 2. d4 Nf6 3. Bd3 Nbd7 4. Nf3 e5 5. O-O g6 6. Re1 Bg7 7. c3 O-O 8. Bc2
Re8 9. Bb3 h6 10. Nbd2 b6 11. Nh4 Nf8 12. Qe2 exd4 13. cxd4 Bb7 14. e5 dxe5 15.
dxe5 N6d7 16. Qc4 Nxe5 17. Rxe5 b5 18. Qxf7+ Kh7 19. Qg8# 1-0

[Event "Titled Tue 24th Jun Late"]
[Site "chess.com INT"]
[Date "2025.06.24"]
[Round "6"]
[White "Kjaergaard-Jensen, Jesper"]
[Black "Mammadov, Ziya"]
[Result "1-0"]
[WhiteTitle "CM"]
[BlackTitle "CM"]
[WhiteElo "2081"]
[BlackElo "1708"]
[WhiteFideId "1406990"]
[BlackFideId "13418890"]
[EventDate "2025.06.24"]

1. d4 Nf6 2. Nf3 d6 3. c3 g6 4. Bg5 Bg7 5. Nbd2 O-O 6. e4 Nbd7 7. h4 h6 8. Bxf6
Nxf6 9. Bc4 Bd7 10. e5 dxe5 11. dxe5 Ng4 12. e6 Bxe6 13. Bxe6 fxe6 14. Qe2 e5
15. Qc4+ 1-0

[Event "Titled Tue 24th Jun Late"]
[Site "chess.com INT"]
[Date "2025.06.24"]
[Round "6"]
[White "Garcia Alvarez, Diego"]
[Black "Li, Eric 2007"]
[Result "0-1"]
[BlackTitle "IM"]
[WhiteElo "2124"]
[BlackElo "2372"]
[WhiteFideId "32094795"]
[BlackFideId "30939941"]
[EventDate "2025.06.24"]

1. d4 Nf6 2. c4 g6 3. Nc3 Bg7 4. e4 d6 5. f3 O-O 6. Be3 c5 7. dxc5 dxc5 8. e5
Nfd7 9. f4 f6 10. exf6 exf6 11. Nf3 Re8 12. Nd5 Nb6 13. Kf2 Nxd5 14. cxd5 b6 15.
d6 Be6 16. Bb5 Nd7 17. Re1 Qc8 18. Rc1 a6 19. Bc4 Qc6 20. b4 Bxc4 21. Rxc4 b5
22. Rxc5 Nxc5 23. bxc5 Re4 24. Qb3+ Kh8 25. Nd4 Qxc5 26. d7 Rxd4 27. Bxd4 Qxd4+ 0-1

[Event "Titled Tue 24th Jun Late"]
[Site "chess.com INT"]
[Date "2025.06.24"]
[Round "6"]
[White "Bucci, Andrea"]
[Black "Sitnic, Adnan"]
[Result "0-1"]
[BlackTitle "CM"]
[WhiteElo "1526"]
[BlackElo "2058"]
[WhiteFideId "28546890"]
[BlackFideId "14403854"]
[EventDate "2025.06.24"]

1. e4 Nc6 2. Nf3 d6 3. d4 Nf6 4. Bd3 e5 5. d5 Ne7 6. Nbd2 Ng6 7. O-O Bg4 8. Re1
Be7 9. Nf1 O-O 10. Ng3 h6 11. h3 Bd7 12. c4 c5 13. Be3 a6 14. Qd2 b5 15. b3 bxc4
16. Bxc4 Nh7 17. Bxh6 gxh6 18. Qxh6 Bg5 19. Nxg5 Qxg5 20. Qxg5 Nxg5 21. Re3 Nf4
22. Rae1 f5 23. a4 fxe4 24. Nxe4 Nxe4 25. Rxe4 a5 26. R4e3 Kf7 27. Bf1 Rg8 28.
Kh2 Rg6 29. g3 Nxh3 30. Bxh3 Rh8 31. g4 Bxg4 32. Rg1 Bxh3 33. Rxg6 Bf5+ 34. Rh6
Rxh6+ 35. Kg2 Kf6 36. Kf1 e4 37. Ke2 Ke5 38. f4+ Kxf4 0-1

[Event "Titled Tue 24th Jun Late"]
[Site "chess.com INT"]
[Date "2025.06.24"]
[Round "6"]
[White "Fuhrmann, Bahne"]
[Black "Li, Xueyi"]
[Result "1-0"]
[WhiteTitle "FM"]
[BlackTitle "WGM"]
[WhiteElo "2256"]
[BlackElo "2220"]
[WhiteFideId "16244842"]
[BlackFideId "8605912"]
[EventDate "2025.06.24"]

1. e4 c6 2. d4 d5 3. Nc3 dxe4 4. Nxe4 Bf5 5. Ng3 Bg6 6. N1e2 Nd7 7. Nf4 e6 8. h4
h6 9. Nxg6 fxg6 10. Bc4 Qe7 11. O-O Ngf6 12. Bxe6 O-O-O 13. Re1 Qd6 14. Qf3 Re8
15. Bf4 Qe7 16. Re3 Qd8 17. Bc4 Rxe3 18. Qxc6+ bxc6 19. Ba6# 1-0

[Event "Titled Tue 24th Jun Late"]
[Site "chess.com INT"]
[Date "2025.06.24"]
[Round "6"]
[White "Ryabukhin, Roman"]
[Black "Ambartsumova, Karina"]
[Result "0-1"]
[WhiteTitle "CM"]
[BlackTitle "IM"]
[WhiteElo "2236"]
[BlackElo "2403"]
[WhiteFideId "24257893"]
[BlackFideId "4166299"]
[EventDate "2025.06.24"]

1. d4 Nf6 2. Nc3 d5 3. Bf4 g6 4. e3 Bg7 5. Nb5 Na6 6. h3 O-O 7. Nf3 c6 8. Nc3
Nc7 9. Be2 Nce8 10. Ne5 Nd6 11. O-O Nde4 12. Nb1 Qb6 13. Qc1 c5 14. c3 Be6 15.
f3 Nd6 16. Nd3 cxd4 17. exd4 Rac8 18. g4 Nd7 19. Qe1 Nc4 20. b3 Nd6 21. Na3 Rxc3
22. Qxc3 Bxd4+ 23. Be3 Bxe3+ 24. Kh1 Bd4 25. Qb4 Qxb4 26. Nxb4 Bxa1 27. Rxa1 Rc8
28. Rd1 Nb6 29. Nac2 a5 0-1

[Event "Titled Tue 24th Jun Late"]
[Site "chess.com INT"]
[Date "2025.06.24"]
[Round "6"]
[White "Brancaleoni, Maurizio"]
[Black "Yanev, Tihomir"]
[Result "1-0"]
[WhiteTitle "FM"]
[BlackTitle "IM"]
[WhiteElo "2185"]
[BlackElo "2354"]
[WhiteFideId "803022"]
[BlackFideId "2910110"]
[EventDate "2025.06.24"]

1. Nf3 d6 2. d4 Nf6 3. Nc3 g6 4. e4 Bg7 5. Be3 a6 6. Qd2 b5 7. Bd3 Bb7 8. e5 b4
9. exf6 bxc3 10. Qxc3 Bxf6 11. Qd2 O-O 12. h4 Bxf3 13. gxf3 e5 14. dxe5 Bxe5 15.
O-O-O Nd7 16. h5 Qf6 17. hxg6 Bxb2+ 18. Kb1 fxg6 19. Bc4+ Kh8 20. Rxh7+ Kxh7 21.
Rh1+ Kg7 22. Bh6+ Kh8 23. Bxf8+ 1-0

[Event "Titled Tue 24th Jun Late"]
[Site "chess.com INT"]
[Date "2025.06.24"]
[Round "6"]
[White "Gubajdullin, Alexei"]
[Black "Tari, Aryan"]
[Result "0-1"]
[WhiteTitle "FM"]
[BlackTitle "GM"]
[WhiteElo "2233"]
[BlackElo "2636"]
[WhiteFideId "4141202"]
[BlackFideId "1510045"]
[EventDate "2025.06.24"]

1. Nf3 g6 2. g3 Bg7 3. Bg2 e5 4. O-O d5 5. d3 Nc6 6. Nbd2 Nge7 7. e4 O-O 8. c3
a5 9. a4 h6 10. Re1 dxe4 11. dxe4 Be6 12. Bf1 Qd7 13. Bc4 Rad8 14. Bxe6 Qxe6 15.
Qb3 Qxb3 16. Nxb3 b6 17. Nbd2 f5 18. Kg2 Rd3 19. Nc4 f4 20. g4 g5 21. h3 Ng6 22.
Bd2 Rfd8 23. Re2 Rxf3 24. Be1 Nh4+ 25. Kh2 Rdd3 26. Nd2 Rxh3+ 27. Kg1 h5 0-1

[Event "Titled Tue 24th Jun Late"]
[Site "chess.com INT"]
[Date "2025.06.24"]
[Round "6"]
[White "Klukin, Kirill"]
[Black "Mohan, Dave"]
[Result "1-0"]
[WhiteTitle "IM"]
[WhiteElo "2401"]
[BlackElo "2018"]
[WhiteFideId "24199273"]
[BlackFideId "30909775"]
[EventDate "2025.06.24"]

1. d4 d5 2. c4 e6 3. Nc3 c5 4. cxd5 exd5 5. dxc5 d4 6. Ne4 Nc6 7. Nf3 Bxc5 8.
Nxc5 Qa5+ 9. Qd2 Qxc5 10. a3 a5 11. b4 Qb6 12. b5 Qxb5 13. Nxd4 Nxd4 14. Qxd4
Nf6 15. e3 Qd5 16. Bb2 Qxd4 17. Bxd4 O-O 18. Be2 Bd7 19. Bf3 Bc6 20. Bxc6 bxc6
21. Rc1 Rfc8 22. Bxf6 gxf6 23. Rc5 Rab8 24. Ke2 Rb2+ 25. Kf3 Rb5 26. Rhc1 Rxc5
27. Rxc5 Rb8 28. Rxc6 Rb3 29. Rxf6 Rxa3 30. Ra6 Ra1 31. h4 Kg7 32. h5 h6 33. g4
a4 34. Ke4 a3 35. Kf5 Ra2 36. f4 Ra1 37. e4 Ra2 38. Ra7 Ra1 39. e5 Kg8 40. Kf6
Rf1 41. f5 Rf3 42. Ra8+ Kh7 43. Kxf7 Rb3 44. e6 Rb7+ 45. e7 a2 46. Rxa2 Rc7 47.
Kf8 Kh8 48. e8=Q Rf7+ 49. Kxf7+ Kh7 50. Qg8# 1-0

[Event "Titled Tue 24th Jun Late"]
[Site "chess.com INT"]
[Date "2025.06.24"]
[Round "6"]
[White "Gruzman, Ilya"]
[Black "Marin Ferragut, Pau"]
[Result "0-1"]
[WhiteTitle "CM"]
[BlackTitle "FM"]
[WhiteElo "2165"]
[BlackElo "2380"]
[WhiteFideId "2812703"]
[BlackFideId "54716020"]
[EventDate "2025.06.24"]

1. d4 Nf6 2. c4 e6 3. Nf3 d5 4. Nc3 h6 5. cxd5 exd5 6. Bf4 Bd6 7. Be5 O-O 8. e3
Bf5 9. Rc1 c6 10. Bd3 Bxd3 11. Qxd3 Re8 12. O-O Qe7 13. Rfe1 Nbd7 14. Bxd6 Qxd6
15. h3 Re7 16. Nd2 Rae8 17. b4 a6 18. a4 b5 19. axb5 axb5 20. Qb1 Nb6 21. Re2
Ra7 22. Rce1 Na4 23. Qb3 Rea8 24. f3 Nd7 25. e4 dxe4 26. Rxe4 Nf6 27. Re6 fxe6
28. Rxe6 Qxd4+ 29. Kh1 Kh8 0-1

[Event "Titled Tue 24th Jun Late"]
[Site "chess.com INT"]
[Date "2025.06.24"]
[Round "6"]
[White "Kodihalli, Kaustubh"]
[Black "Chen, Yidong"]
[Result "0-1"]
[WhiteElo "2038"]
[BlackElo "2074"]
[WhiteFideId "30956455"]
[BlackFideId "8607028"]
[EventDate "2025.06.24"]

1. e4 c5 2. Nf3 d6 3. d4 cxd4 4. Nxd4 Nf6 5. Nc3 a6 6. f3 e5 7. Nb3 Be6 8. Be3
h5 9. Qd2 Nbd7 10. O-O-O Rc8 11. Kb1 Qc7 12. g3 Be7 13. Rg1 b5 14. Bd3 Nb6 15.
Qf2 Nc4 16. Bc1 Nd7 17. Nd5 Bxd5 18. exd5 Ndb6 19. Bf5 Rb8 20. f4 Bf6 21. Rge1
O-O 22. Qf3 Na4 23. Qxh5 g6 24. Qg4 exf4 25. Nd4 Bg7 26. Bxg6 fxg6 27. Qxg6 Qf7
28. Qxf7+ Rxf7 29. Bxf4 Naxb2 30. Nc6 Ra8 31. Rc1 Na3+ 32. Ka1 Nd3+ 0-1

[Event "Titled Tue 24th Jun Late"]
[Site "chess.com INT"]
[Date "2025.06.24"]
[Round "6"]
[White "Swara Lakshmi S Nair"]
[Black "Magana Morales, Roberto"]
[Result "1-0"]
[WhiteTitle "WCM"]
[WhiteElo "2187"]
[BlackElo "1933"]
[WhiteFideId "25629239"]
[BlackFideId "5114454"]
[EventDate "2025.06.24"]

1. e4 c6 2. d4 d5 3. Nc3 dxe4 4. Nxe4 Nf6 5. Nxf6+ exf6 6. c3 Bd6 7. Bd3 O-O 8.
Qc2 Re8+ 9. Ne2 h5 10. O-O h4 11. h3 Nd7 12. Bd2 Nf8 13. Rae1 g5 14. f4 g4 15.
Bf5 gxh3 16. gxh3 Bxf5 17. Qxf5 Qc8 18. Qxc8 Raxc8 19. Kf2 f5 20. Ng1 Rxe1 21.
Rxe1 Ng6 22. Nf3 Bxf4 23. Bxf4 Nxf4 24. Re7 Nd3+ 25. Ke2 Nxb2 26. Rxb7 Nc4 27.
Nxh4 Re8+ 28. Kd3 Nd6 29. Rxa7 Kg7 30. Rd7 Re6 31. Rxd6 Rxd6 32. Nxf5+ 1-0

[Event "Titled Tue 24th Jun Late"]
[Site "chess.com INT"]
[Date "2025.06.24"]
[Round "6"]
[White "Naroditsky, Daniel"]
[Black "Carlsen, Magnus"]
[Result "1-0"]
[WhiteTitle "GM"]
[BlackTitle "GM"]
[WhiteElo "2619"]
[BlackElo "2837"]
[WhiteFideId "2026961"]
[BlackFideId "1503014"]
[EventDate "2025.06.24"]

1. e4 g6 2. d4 d6 3. Nc3 c6 4. f4 d5 5. e5 h5 6. Nf3 Bg4 7. Bd3 e6 8. Be3 Nh6 9.
h3 Nf5 10. Bf2 Bxf3 11. Qxf3 h4 12. Bxf5 gxf5 13. O-O-O Nd7 14. g4 hxg3 15. Bxg3
b5 16. Kb1 Nb6 17. Ne2 a5 18. h4 Nc4 19. h5 a4 20. Nc1 c5 21. dxc5 Bxc5 22. Nd3
Be3 23. Bf2 Qb6 24. Bxe3 Qxe3 25. Qg2 Kd7 26. Nb4 Kc7 27. Rxd5 Rag8 28. Rd7+
Kxd7 29. Qb7+ Ke8 30. Qc8+ Ke7 31. Nc6# 1-0

[Event "Titled Tue 24th Jun Late"]
[Site "chess.com INT"]
[Date "2025.06.24"]
[Round "6"]
[White "Ersoz, Teoman Guney"]
[Black "Lavorgna, Giovanni"]
[Result "1-0"]
[WhiteTitle "CM"]
[BlackTitle "CM"]
[WhiteElo "2052"]
[BlackElo "1902"]
[WhiteFideId "44537050"]
[BlackFideId "11800100"]
[EventDate "2025.06.24"]

1. d4 Nf6 2. Nc3 d5 3. Bg5 e6 4. e4 h6 5. Bxf6 Qxf6 6. exd5 exd5 7. Nxd5 Qe6+ 8.
Qe2 Qxe2+ 9. Bxe2 Kd8 10. O-O-O c6 11. Nc3 Kc7 12. d5 Bb4 13. dxc6 Nxc6 14. Nd5+
Kb8 15. Nxb4 Nxb4 16. a3 Nc6 17. Nf3 Be6 18. Bb5 Kc7 19. Nd4 Bd5 20. f3 Rae8 21.
Nxc6 bxc6 22. Bd3 Re3 23. Rhe1 Rhe8 24. Rxe3 Rxe3 25. Kd2 Re5 26. Re1 Rg5 27.
Re2 h5 28. c4 Be6 29. f4 Rg4 30. f5 Bd7 31. g3 Kd6 32. b4 h4 33. Re4 Bxf5 34.
Rxg4 Bxg4 35. gxh4 Bf3 36. Ke3 Bh1 37. Kd4 Bg2 38. c5+ Kc7 39. Ke5 Bd5 40. h5
Kd7 41. Be4 Kc7 42. Bxd5 Kd7 43. Bxf7 Kc7 44. Be8 1-0

[Event "Titled Tue 24th Jun Late"]
[Site "chess.com INT"]
[Date "2025.06.24"]
[Round "6"]
[White "Salinas Herrera, Pablo"]
[Black "Al-Tarboush, Ward"]
[Result "1-0"]
[WhiteTitle "GM"]
[BlackTitle "FM"]
[WhiteElo "2447"]
[BlackElo "2223"]
[WhiteFideId "3407128"]
[BlackFideId "7601450"]
[EventDate "2025.06.24"]

1. e4 e6 2. d4 d5 3. exd5 exd5 4. Bd3 Nc6 5. Nf3 Bg4 6. c3 Bd6 7. O-O Qd7 8.
Re1+ Nge7 9. Nbd2 h5 10. b4 Rg8 11. b5 Nd8 12. c4 dxc4 13. Nxc4 Ne6 14. h3 Bxf3
15. Qxf3 O-O-O 16. Qxf7 Nxd4 17. Nxd6+ Qxd6 18. Qxe7 Nf3+ 19. gxf3 Qxd3 20. Bf4
Rd7 21. Qe3 Rf8 22. Qxa7 Rdd8 23. Re7 1-0

[Event "Titled Tue 24th Jun Late"]
[Site "chess.com INT"]
[Date "2025.06.24"]
[Round "6"]
[White "Pica, Eleni"]
[Black "Hernandez Leon, Sergio"]
[Result "0-1"]
[WhiteTitle "WCM"]
[BlackTitle "CM"]
[WhiteElo "1686"]
[BlackElo "2102"]
[WhiteFideId "5910005"]
[BlackFideId "2285622"]
[EventDate "2025.06.24"]

1. d4 Nf6 2. c4 e6 3. Nc3 Bb4 4. Qc2 O-O 5. Nf3 d5 6. cxd5 Qxd5 7. a3 Bxc3+ 8.
Qxc3 b6 9. e3 Bb7 10. Qxc7 Rc8 11. Qe5 Qb3 12. Qb5 Qc2 13. Bd3 Qxc1+ 14. Rxc1
Rxc1+ 15. Kd2 Rxh1 16. h3 Nbd7 17. Bf1 Rc8 18. Ne5 Nxe5 19. dxe5 Ne4+ 20. Ke2
Rc2+ 21. Kd1 Rd2+ 22. Kc1 g6 23. f3 Rf2 24. fxe4 Rhxf1+ 0-1